LEADER 00887nam0-2200253 --450 001 9910889885703321 005 20241015124602.0 100 $a20241015d2006----kmuy0itay5050 ba 101 0 $aita 102 $aIT 105 $aa 001yy 200 1 $aFeudo e nobiltà a Torrecuso$easpetti di vita signorile, andamento demografico e quotidianità durante il marchesato dei Caracciolo (1601-1764)$eil ruolo e il palazzo della famiglia Di Palma$fAntonello Savaglio$gcon il contributo di Tiziana Coletta 210 $aCosenza$cBakos$d2006 215 $a99 p.$cill.$d22 cm 610 0 $aTorrecuso$aStoria 700 1$aSavaglio,$bAntonello$040297 702 1$aColetta,$bTiziana 801 0$aIT$bUNINA$gREICAT$2UNIMARC 901 $aBK 912 $a9910889885703321 952 $a03.2129$b411/24$fDARST 959 $aDARST 996 $aFeudo e nobiltà a Torrecuso$94262308 997 $aUNINA LEADER 01368nam0 22003131i 450 001 UON00470695 005 20231205105203.34 010 $a978-88-14-20192-9 100 $a20161024d2015 |0itac50 ba 101 $aita 102 $aIT 105 $a|||| ||||| 200 1 $aDiritto dell'Unione europea$emanuale breve$etutto il programma d'esame con domande e risposte commentate$fAntonio Marcello Calamia, Viviana Vigiak 205 $a8. ed 210 $aMilano$cGiuffrè$d2015 215 $aXIV, 430 p.$d24 cm 410 1$1001UON00385386$12001 $aPercorsi. Manuali brevi 606 $aUnione Europea$xDiritto$xManuali$3UONC076384$2FI 620 $aIT$dMilano$3UONL000005 700 1$aCalamia$bAntonio Marcello$3UONV103761$00 701 1$aVIGIAK$bViviana$3UONV233160$0514404 712 $aGiuffrè$3UONV257275$4650 801 $aIT$bSOL$c20250207$gRICA 899 $aSIBA - SISTEMA BIBLIOTECARIO DI ATENEO$2UONSI 912 $aUON00470695 950 $aSIBA - SISTEMA BIBLIOTECARIO DI ATENEO$dSI COM 2.0 0093 $eSI 20243 5 0093 $sBuono 951 $aSIBA - SISTEMA BIBLIOTECARIO DI ATENEO$bSI20161606 1J 20161024 996 $aDiritto dell'Unione europea$9852360 997 $aUNIOR